Handbook of physical calculations : definitions, formulas, technical applications, physical tables,... (Record no. 45310)

MARC details
000 -LEADER
fixed length control field 00694nam a2200181 a 4500
008 - FIXED-LENGTH DATA ELEMENTS--GENERAL INFORMATION
fixed length control field 120416s1976 ||||||||||||||||| || u
020 ## - INTERNATIONAL STANDARD BOOK NUMBER
International Standard Book Number 0070654387
050 ## - LIBRARY OF CONGRESS CALL NUMBER
Classification number QC 61 TUM
100 ## - MAIN ENTRY--PERSONAL NAME
Personal name Tuma, Jan J
245 10 - TITLE STATEMENT
Title Handbook of physical calculations : definitions, formulas, technical applications, physical tables,...
260 ## - PUBLICATION, DISTRIBUTION, ETC.
Place of publication, distribution, etc. New York
Name of publisher, distributor, etc. McGraw-Hill
Date of publication, distribution, etc. 1976
300 ## - PHYSICAL DESCRIPTION
Extent x, 370p. : ill.
350 ## - PRICE (NR) (BK AM CF MU VM SE) [OBSOLETE]
Price 0.00
650 ## - SUBJECT ADDED ENTRY--TOPICAL TERM
Topical term or geographic name entry element Physical measurements - Handbooks, manuals, etc
650 ## - SUBJECT ADDED ENTRY--TOPICAL TERM
Topical term or geographic name entry element PHYSICS--HANDBOOKS, MANUALS, ETC
650 ## - SUBJECT ADDED ENTRY--TOPICAL TERM
Topical term or geographic name entry element Physics - Dictionaries
995 ## - RECOMMENDATION 995 [LOCAL, UNIMARC FRANCE]
-- 0.00
-- CBU-MAIN LIBRARY (Kitwe)
-- 1
-- 40.00
-- 1
-- REFERENCE
-- Reference Collection
Holdings
Withdrawn status Lost status Source of classification or shelving scheme Damaged status Not for loan Home library Current library Shelving location Date acquired Total Checkouts Full call number Barcode Date last seen Price effective from Koha item type
          CBU-MAIN LIBRARY, KITWE. CBU-MAIN LIBRARY, KITWE.   11/30/2022   QC 61 TUM 022652 11/30/2022 11/30/2022 MONOGRAPH